000 00323nam a2200133Ia 4500
008 191201s2005 xx 000 0 und d
082 _a540
_bPUP
100 _aPURI, B R
245 0 _aPrinciples of Physical Chemistry
260 _aN.Delhi
_bVishal Publisher
_c2005
300 _a1064
650 _aApplied
942 _2ddc
_cBK
999 _c2130
_d2130